[Event "MSR2018s4"]
[Site "?"]
[Date "2018.04.25"]
[Round "7.15"]
[White "Mrmusova, Magdalena"]
[Black "Holestiakova, Nina"]
[Result "0-1"]
[BlackElo "1039"]
[WhiteElo "1132"]
[LiveChessVersion "1.4.8"]

1. e4 {[%clk 1:30:58]} e5 {[%clk 1:30:54]} 2. Nf3 {[%clk 1:31:24]} Nc6
{[%clk 1:30:55]} 3. d4 {[%clk 1:30:43]} exd4 {[%clk 1:31:14]} 4. Bc4
{[%clk 1:31:07]} Nf6 5. O-O d6 {[%clk 1:30:12]} 6. h3 {[%clk 1:30:40]} Ne7
{[%clk 1:28:11]} 7. Re1 {[%clk 1:30:05]} Ng6 {[%clk 1:28:21]} 8. Ng5
{[%clk 1:29:37]} Ne5 {[%clk 1:28:03]} 9. Qxd4 {[%clk 1:28:41]} c5
{[%clk 1:26:39]} 10. Qc3 {[%clk 1:26:04]} h6 {[%clk 1:26:36]} 11. Nf3
{[%clk 1:24:25]} Ng6 {[%clk 1:25:38]} 12. Qb3 {[%clk 1:20:57]} Qc7
{[%clk 1:24:52]} 13. Nc3 {[%clk 1:19:53]} Ne5 {[%clk 1:23:40]} 14. Nd5
{[%clk 1:14:26]} Qa5 {[%clk 1:22:06]} 15. Nxf6+ {[%clk 1:12:26]} gxf6
{[%clk 1:21:47]} 16. Bf4 {[%clk 1:08:56]} Nxc4 {[%clk 1:19:00]} 17. Qxc4
{[%clk 1:08:02]} Be6 {[%clk 1:18:51]} 18. Qd3 {[%clk 1:06:04]} Qc7
{[%clk 1:16:41]} 19. c4 {[%clk 1:01:22]} O-O-O {[%clk 1:16:42]} 20. a4
{[%clk 1:00:08]} Rg8 {[%clk 1:16:13]} 21. Kh2 {[%clk 0:59:45]} h5
{[%clk 1:14:13]} 22. Reb1 {[%clk 0:58:57]} Qa5 {[%clk 1:13:49]} 23. b4
{[%clk 0:56:50]} cxb4 {[%clk 1:13:37]} 24. Rd1 {[%clk 0:52:49]} Qc5
{[%clk 1:12:22]} 25. Qe3 {[%clk 0:43:54]} Qxe3 26. Bxe3 Kb8 {[%clk 1:09:18]} 27.
Rdc1 {[%clk 0:39:42]} Be7 {[%clk 1:06:42]} 28. a5 {[%clk 0:38:44]} a6
{[%clk 1:06:07]} 29. Rab1 {[%clk 0:37:30]} f5 {[%clk 1:03:48]} 30. exf5
{[%clk 0:36:52]} Bxf5 {[%clk 1:03:37]} 31. Rxb4 {[%clk 0:36:03]} d5
{[%clk 1:03:20]} 32. Rb6 {[%clk 0:35:11]} Ba3 {[%clk 1:01:55]} 33. Rc3
{[%clk 0:31:19]} Bd6+ {[%clk 1:00:58]} 34. Kh1 {[%clk 0:28:12]} Bc7
{[%clk 1:01:02]} 35. Rf6 {[%clk 0:24:11]} Bxa5 {[%clk 1:00:56]} 36. Ra3
{[%clk 0:24:01]} Bb4 {[%clk 1:00:51]} 37. Rb3 {[%clk 0:23:54]} Bd6
{[%clk 0:56:14]} 38. Rxf5 {[%clk 0:23:25]} dxc4 {[%clk 0:55:56]} 39. Rc3
{[%clk 0:23:00]} b5 {[%clk 0:55:17]} 40. Nd4 {[%clk 0:20:45]} Kb7
{[%clk 0:55:11]} 41. Rxf7+ {[%clk 0:19:37]} Bc7 {[%clk 0:54:53]} 42. Ne6
{[%clk 0:19:16]} Rd1# 0-1

[Event "MSR2018s4"]
[Site "?"]
[Date "2018.04.25"]
[Round "7.16"]
[White "Horvathova, Hana"]
[Black "Sekova, Olivia"]
[Result "1-0"]
[BlackElo "1043"]
[WhiteElo "1467"]
[LiveChessVersion "1.4.8"]

1. e4 {[%clk 1:30:57]} c5 {[%clk 1:30:29]} 2. Bc4 {[%clk 1:31:18]} Nc6
{[%clk 1:29:57]} 3. c3 {[%clk 1:31:27]} Nf6 {[%clk 1:28:17]} 4. d3
{[%clk 1:31:43]} d5 {[%clk 1:27:06]} 5. exd5 {[%clk 1:28:51]} Nxd5
{[%clk 1:26:26]} 6. Nf3 {[%clk 1:28:17]} Bg4 {[%clk 1:22:41]} 7. Nbd2
{[%clk 1:24:59]} Nf4 {[%clk 1:21:08]} 8. O-O {[%clk 1:21:06]} Nxd3
{[%clk 1:20:22]} 9. Bxd3 {[%clk 1:20:37]} Qxd3 {[%clk 1:20:31]} 10. Re1
{[%clk 1:17:11]} g6 {[%clk 1:18:34]} 11. Ne4 {[%clk 1:16:03]} Qxd1
{[%clk 1:18:07]} 12. Rxd1 {[%clk 1:16:24]} b6 {[%clk 1:16:32]} 13. h3
{[%clk 1:15:29]} Bxf3 {[%clk 1:15:53]} 14. gxf3 {[%clk 1:15:50]} Ne5
{[%clk 1:14:32]} 15. Kg2 {[%clk 1:14:34]} Rd8 {[%clk 1:12:50]} 16. Rxd8+
{[%clk 1:14:10]} Kxd8 {[%clk 1:13:10]} 17. b3 {[%clk 1:13:59]} Bg7
{[%clk 1:12:18]} 18. Bg5 {[%clk 1:13:20]} f5 {[%clk 1:11:48]} 19. Ng3
{[%clk 1:13:09]} Nf7 {[%clk 1:11:08]} 20. Bd2 {[%clk 1:13:19]} Nd6
{[%clk 1:10:05]} 21. Rd1 {[%clk 1:12:55]} Kc7 {[%clk 1:10:05]} 22. c4
{[%clk 1:13:12]} Rd8 {[%clk 1:09:07]} 23. Bf4 {[%clk 1:12:30]} e5
{[%clk 1:05:45]} 24. Bg5 {[%clk 1:12:30]} Rd7 {[%clk 1:05:31]} 25. Ne2
{[%clk 1:08:16]} b5 {[%clk 1:04:25]} 26. cxb5 {[%clk 1:07:18]} Nxb5
{[%clk 1:04:48]} 27. Rxd7+ {[%clk 1:07:32]} Kxd7 {[%clk 1:05:07]} 28. Be3
{[%clk 1:07:44]} Kd6 {[%clk 1:03:59]} 29. Kf1 {[%clk 1:07:46]} Kd5
{[%clk 1:02:58]} 30. Ke1 {[%clk 1:07:34]} e4 {[%clk 1:02:41]} 31. fxe4+
{[%clk 1:07:31]} fxe4 {[%clk 1:02:48]} 32. Kd2 {[%clk 1:06:42]} Bd4
{[%clk 1:01:54]} 33. Bxd4 {[%clk 1:06:42]} Nxd4 {[%clk 1:02:13]} 34. Nc3+
{[%clk 1:04:10]} Ke5 {[%clk 1:02:16]} 35. Ke3 {[%clk 1:04:12]} Nc2+
{[%clk 1:02:08]} 36. Kd2 {[%clk 1:04:23]} Nb4 {[%clk 1:01:53]} 37. a3
{[%clk 1:04:16]} Nd5 {[%clk 1:01:39]} 38. Na4 {[%clk 1:02:02]} Kd4
{[%clk 1:01:17]} 39. Nb2 {[%clk 0:57:55]} Nb6 {[%clk 1:01:06]} 40. Nd1
{[%clk 0:57:18]} c4 {[%clk 1:00:55]} 41. b4 {[%clk 0:54:19]} Nd5 {[%clk 0:59:47]}
42. Kc2 {[%clk 0:51:32]} e3 {[%clk 0:59:46]} 43. fxe3+ {[%clk 0:49:07]} Nxe3+
{[%clk 0:59:59]} 44. Nxe3 {[%clk 0:49:26]} Kxe3 {[%clk 1:00:21]} 45. Kc3
{[%clk 0:41:42]} Kf3 {[%clk 0:58:29]} 46. a4 {[%clk 0:38:56]} Kg3
{[%clk 0:58:34]} 47. b5 {[%clk 0:39:12]} Kxh3 {[%clk 0:58:50]} 48. a5
{[%clk 0:39:17]} g5 {[%clk 0:58:30]} 49. b6 {[%clk 0:39:34]} axb6
{[%clk 0:58:51]} 50. axb6 {[%clk 0:39:58]} g4 {[%clk 0:59:14]} 51. b7
{[%clk 0:39:46]} g3 {[%clk 0:59:36]} 52. b8=Q {[%clk 0:39:53]} g2
{[%clk 0:59:59]} 53. Qc8+ {[%clk 0:40:02]} Kg3 {[%clk 1:00:18]} 54. Qg8+
{[%clk 0:37:56]} Kf2 {[%clk 1:00:36]} 55. Qf7+ {[%clk 0:37:37]} Kg3
{[%clk 1:00:52]} 56. Qg7+ {[%clk 0:37:42]} Kf2 {[%clk 1:01:14]} 57. Qf6+
{[%clk 0:37:21]} Kg3 {[%clk 1:01:22]} 58. Qg5+ {[%clk 0:36:12]} Kf2
{[%clk 1:01:22]} 59. Qf4+ {[%clk 0:35:58]} Kg1 {[%clk 1:01:26]} 60. Qxc4
{[%clk 0:35:33]} Kf2 {[%clk 1:01:44]} 61. Qf4+ {[%clk 0:35:31]} Kg1
{[%clk 1:01:20]} 62. Kd3 {[%clk 0:31:40]} Kh1 {[%clk 1:01:29]} 63. Qh4+
{[%clk 0:31:20]} Kg1 {[%clk 1:01:49]} 64. Qxh7 {[%clk 0:31:41]} Kf2
{[%clk 1:02:11]} 65. Qf5+ {[%clk 0:31:23]} Kg3 {[%clk 1:02:32]} 66. Qg5+
{[%clk 0:30:31]} Kf2 {[%clk 1:02:51]} 67. Qf4+ {[%clk 0:30:31]} Kg1
{[%clk 1:03:11]} 68. Ke3 {[%clk 0:25:15]} Kh1 {[%clk 1:03:17]} 69. Qh4+
{[%clk 0:25:09]} Kg1 {[%clk 1:03:38]} 70. Kf3 {[%clk 0:25:25]} 1-0

[Event "MSR2018s4"]
[Site "?"]
[Date "2018.04.25"]
[Round "7.17"]
[White "Earle, Dominic James"]
[Black "Elias, David"]
[Result "1/2-1/2"]
[BlackElo "1608"]
[WhiteElo "1273"]
[LiveChessVersion "1.4.8"]

1. b4 {[%clk 1:30:59]} Nf6 {[%clk 1:30:41]} 2. Bb2 {[%clk 1:31:02]} g6
{[%clk 1:29:43]} 3. Nf3 {[%clk 1:30:28]} Bg7 {[%clk 1:29:05]} 4. e3
{[%clk 1:30:19]} O-O {[%clk 1:28:40]} 5. Bc4 {[%clk 1:30:13]} d6 {[%clk 1:27:44]}
6. O-O {[%clk 1:30:10]} Nbd7 {[%clk 1:27:06]} 7. d3 {[%clk 1:30:00]} c6
{[%clk 1:24:18]} 8. a3 {[%clk 1:24:21]} a5 {[%clk 1:20:11]} 9. Qd2
{[%clk 1:23:32]} axb4 {[%clk 1:18:50]} 10. axb4 {[%clk 1:23:52]} Rxa1
{[%clk 1:18:22]} 11. Bxa1 {[%clk 1:24:08]} b5 {[%clk 1:17:55]} 12. Bb3
{[%clk 1:24:33]} Qb6 {[%clk 1:15:59]} 13. c3 {[%clk 1:20:16]} Bb7
{[%clk 1:13:46]} 14. e4 {[%clk 1:18:41]} e5 {[%clk 1:13:19]} 15. Qe2
{[%clk 1:16:21]} c5 {[%clk 1:10:50]} 16. Nbd2 {[%clk 1:14:43]} cxb4
{[%clk 1:10:32]} 17. cxb4 {[%clk 1:15:10]} Rc8 {[%clk 1:10:50]} 18. Bb2
{[%clk 1:15:27]} Nf8 {[%clk 1:05:58]} 19. Ng5 {[%clk 1:15:32]} Rc7
{[%clk 1:05:40]} 20. Rc1 {[%clk 1:14:48]} Re7 {[%clk 1:03:19]} 21. Nxf7
{[%clk 1:13:24]} Rxf7 {[%clk 1:02:02]} 22. Bxf7+ {[%clk 1:13:51]} Kxf7
{[%clk 1:02:09]} 23. Nf3 {[%clk 1:14:03]} Ne6 {[%clk 1:01:46]} 24. g3
{[%clk 1:14:01]} Nd7 {[%clk 0:58:04]} 25. Qc2 {[%clk 1:09:21]} Bh6
{[%clk 0:52:12]} 26. Ra1 {[%clk 1:09:14]} Nb8 {[%clk 0:49:19]} 1/2-1/2

[Event "MSR2018s4"]
[Site "?"]
[Date "2018.04.25"]
[Round "7.18"]
[White "Cerven, Samuel"]
[Black "Paholok, Adam"]
[Result "1-0"]
[BlackElo "1535"]
[WhiteElo "1270"]
[LiveChessVersion "1.4.8"]

1. e4 {[%clk 1:30:56]} e5 {[%clk 1:30:56]} 2. Nf3 {[%clk 1:31:19]} Nc6
{[%clk 1:31:21]} 3. d4 {[%clk 1:31:42]} exd4 {[%clk 1:31:33]} 4. Bc4
{[%clk 1:32:06]} Bb4+ {[%clk 1:31:36]} 5. c3 {[%clk 1:32:29]} dxc3
{[%clk 1:31:42]} 6. O-O {[%clk 1:32:52]} cxb2 {[%clk 1:31:48]} 7. Bxb2
{[%clk 1:33:15]} d6 {[%clk 1:31:36]} 8. Bxg7 {[%clk 1:33:29]} Qe7
{[%clk 1:16:30]} 9. Bxh8 {[%clk 1:32:28]} Qxe4 {[%clk 1:14:51]} 10. Nbd2
{[%clk 1:32:36]} Bxd2 {[%clk 1:14:46]} 11. Nxd2 {[%clk 1:32:56]} Qd4
{[%clk 1:14:06]} 12. Bxd4 {[%clk 1:33:19]} 1-0

[Event "MSR2018s4"]
[Site "?"]
[Date "2018.04.25"]
[Round "7.19"]
[White "Tokarcik, Jan"]
[Black "Vargosko, Juraj"]
[Result "0-1"]
[BlackElo "1504"]
[WhiteElo "1343"]
[LiveChessVersion "1.4.8"]

1. e4 {[%clk 1:30:54]} e5 {[%clk 1:30:50]} 2. Nf3 {[%clk 1:31:18]} Nc6
{[%clk 1:31:11]} 3. Bc4 {[%clk 1:31:22]} Bc5 {[%clk 1:31:08]} 4. c3
{[%clk 1:31:31]} Nf6 {[%clk 1:31:23]} 5. d4 {[%clk 1:31:36]} exd4
{[%clk 1:31:42]} 6. cxd4 {[%clk 1:31:43]} Bb4+ {[%clk 1:31:52]} 7. Nc3
{[%clk 1:31:15]} Nxe4 {[%clk 1:26:48]} 8. O-O {[%clk 1:30:21]} Bxc3
{[%clk 1:26:29]} 9. d5 {[%clk 1:30:21]} Ba5 {[%clk 1:24:08]} 10. dxc6
{[%clk 1:30:00]} bxc6 {[%clk 1:22:55]} 11. Qa4 {[%clk 1:27:33]} Bb6
{[%clk 1:21:50]} 12. Re1 {[%clk 1:27:16]} Bxf2+ {[%clk 1:21:56]} 13. Kh1
{[%clk 1:25:31]} Bxe1 {[%clk 1:21:24]} 14. Bxf7+ {[%clk 1:24:44]} Kxf7
{[%clk 1:21:23]} 15. Qxe4 {[%clk 1:24:13]} Qe7 {[%clk 1:18:08]} 16. Qxe7+
{[%clk 1:20:52]} Kxe7 {[%clk 1:18:26]} 17. Bg5+ {[%clk 1:21:06]} Kf7
{[%clk 1:18:36]} 18. Rxe1 {[%clk 1:21:25]} Re8 {[%clk 1:17:54]} 19. Ne5+
{[%clk 1:21:00]} Kg8 {[%clk 1:17:30]} 20. h4 {[%clk 1:19:52]} d6 {[%clk 1:17:51]}
21. Nf3 {[%clk 1:20:04]} Rxe1+ {[%clk 1:18:13]} 22. Nxe1 {[%clk 1:20:24]} Ba6
{[%clk 1:18:00]} 23. Kh2 {[%clk 1:20:20]} Re8 {[%clk 1:18:06]} 24. Nf3
{[%clk 1:19:22]} Re2 {[%clk 1:18:21]} 25. Bd2 {[%clk 1:19:28]} Bb7
{[%clk 1:18:22]} 26. Bc3 {[%clk 1:19:16]} c5 {[%clk 1:18:38]} 27. Kg3
{[%clk 1:18:43]} g6 {[%clk 1:18:44]} 28. Nd2 {[%clk 1:18:10]} Rxg2+ 0-1

[Event "MSR2018s4"]
[Site "?"]
[Date "2018.04.25"]
[Round "7.20"]
[White "Carnecky, Viliam"]
[Black "Cizmar, Tomas"]
[Result "0-1"]
[BlackElo "1447"]
[WhiteElo "1253"]
[LiveChessVersion "1.4.8"]

1. e4 {[%clk 1:30:56]} e5 {[%clk 1:30:47]} 2. Nf3 {[%clk 1:30:50]} Nc6
{[%clk 1:30:31]} 3. Bc4 {[%clk 1:31:10]} Bc5 {[%clk 1:30:36]} 4. c3
{[%clk 1:31:26]} d6 {[%clk 1:29:00]} 5. Bb3 {[%clk 1:31:23]} Bg4 {[%clk 1:25:59]}
6. d3 {[%clk 1:31:29]} h6 {[%clk 1:25:06]} 7. h3 {[%clk 1:30:59]} Be6
{[%clk 1:24:22]} 8. Nbd2 {[%clk 1:30:19]} Nge7 {[%clk 1:23:17]} 9. Nf1
{[%clk 1:29:46]} Qd7 {[%clk 1:22:51]} 10. Ng3 {[%clk 1:28:31]} O-O-O
{[%clk 1:22:53]} 11. O-O {[%clk 1:28:35]} f5 {[%clk 1:17:36]} 12. d4
{[%clk 1:26:50]} Bxb3 {[%clk 1:14:06]} 13. axb3 {[%clk 1:26:56]} exd4
{[%clk 1:09:58]} 14. cxd4 {[%clk 1:26:40]} Bb6 {[%clk 1:09:32]} 15. Bf4
{[%clk 1:25:57]} g5 {[%clk 1:06:39]} 16. d5 {[%clk 1:24:20]} gxf4
{[%clk 1:01:16]} 17. dxc6 {[%clk 1:24:15]} Qxc6 {[%clk 1:00:10]} 18. Nxf5
{[%clk 1:24:14]} Nxf5 {[%clk 1:00:18]} 19. exf5 {[%clk 1:24:18]} Rhg8
{[%clk 0:56:28]} 20. Qd2 {[%clk 1:20:44]} Qxf3 {[%clk 0:55:55]} 21. g3
{[%clk 1:19:02]} Qxg3+ {[%clk 0:55:37]} 0-1

[Event "MSR2018s4"]
[Site "?"]
[Date "2018.04.25"]
[Round "7.21"]
[White "Jura, Michal"]
[Black "Visvader, Kristof"]
[Result "0-1"]
[BlackElo "1252"]
[WhiteElo "1317"]
[LiveChessVersion "1.4.8"]

1. e4 {[%clk 1:30:57]} e5 {[%clk 1:30:55]} 2. Nf3 {[%clk 1:31:22]} Nc6
{[%clk 1:31:19]} 3. Bb5 {[%clk 1:31:46]} Nge7 {[%clk 1:31:40]} 4. O-O
{[%clk 1:32:04]} g6 {[%clk 1:32:04]} 5. d3 {[%clk 1:31:53]} Bg7 {[%clk 1:32:27]}
6. Nc3 {[%clk 1:32:07]} O-O {[%clk 1:32:16]} 7. Be3 {[%clk 1:32:08]} d6
{[%clk 1:32:14]} 8. Qd2 {[%clk 1:32:00]} Bg4 {[%clk 1:32:22]} 9. Ne1
{[%clk 1:30:40]} a6 {[%clk 1:31:03]} 10. Ba4 {[%clk 1:30:43]} Be6
{[%clk 1:30:32]} 11. f4 {[%clk 1:29:56]} f6 {[%clk 1:30:08]} 12. Bb3
{[%clk 1:29:51]} Bxb3 {[%clk 1:30:04]} 13. axb3 {[%clk 1:30:10]} f5
{[%clk 1:29:03]} 14. Nf3 {[%clk 1:29:59]} d5 {[%clk 1:25:34]} 15. exd5
{[%clk 1:28:10]} Nxd5 {[%clk 1:24:12]} 16. fxe5 {[%clk 1:28:04]} Nxe5
{[%clk 1:23:39]} 17. Bh6 {[%clk 1:28:08]} Nxf3+ {[%clk 1:23:53]} 18. Rxf3
{[%clk 1:28:23]} Nf6 {[%clk 1:21:18]} 19. Rh3 {[%clk 1:26:49]} Ng4
{[%clk 1:20:27]} 20. Bxg7 {[%clk 1:26:44]} Kxg7 {[%clk 1:20:44]} 21. Rf1
{[%clk 1:26:30]} Qd4+ {[%clk 1:20:34]} 22. Kh1 {[%clk 1:26:28]} Rfe8
{[%clk 1:20:28]} 23. Rh4 {[%clk 1:23:58]} Nf2+ {[%clk 1:17:43]} 0-1

[Event "MSR2018s4"]
[Site "?"]
[Date "2018.04.25"]
[Round "7.22"]
[White "Karapetsas, Athanasios"]
[Black "Petrus, Daniel"]
[Result "0-1"]
[BlackElo "1122"]
[WhiteElo "1237"]
[LiveChessVersion "1.4.8"]

1. e4 {[%clk 1:30:59]} e6 {[%clk 1:30:46]} 2. d4 {[%clk 1:31:16]} d5
{[%clk 1:30:59]} 3. exd5 {[%clk 1:31:35]} exd5 {[%clk 1:31:19]} 4. Nf3
{[%clk 1:31:49]} Nf6 {[%clk 1:31:25]} 5. Bf4 {[%clk 1:31:30]} Bf5
{[%clk 1:30:47]} 6. Nc3 {[%clk 1:30:48]} Bb4 {[%clk 1:30:15]} 7. Bd3
{[%clk 1:30:23]} Bxd3 {[%clk 1:29:52]} 8. cxd3 {[%clk 1:30:33]} O-O
{[%clk 1:28:42]} 9. Qb3 {[%clk 1:29:14]} Bxc3+ {[%clk 1:27:10]} 10. Qxc3
{[%clk 1:29:29]} Re8+ {[%clk 1:26:33]} 11. Be5 {[%clk 1:28:17]} Nfd7
{[%clk 1:24:54]} 12. O-O {[%clk 1:27:29]} Nxe5 {[%clk 1:24:46]} 13. dxe5
{[%clk 1:27:14]} c6 {[%clk 1:23:08]} 14. Rfe1 {[%clk 1:26:04]} Nd7
{[%clk 1:23:17]} 15. d4 {[%clk 1:21:57]} Qc7 {[%clk 1:21:23]} 16. Re2
{[%clk 1:19:41]} Re7 {[%clk 1:21:16]} 17. Rae1 {[%clk 1:19:04]} Rae8
{[%clk 1:21:27]} 18. Qa3 {[%clk 1:19:18]} Qb6 {[%clk 1:20:56]} 19. Re3
{[%clk 1:17:38]} a6 {[%clk 1:13:46]} 20. b3 {[%clk 1:17:09]} h6 {[%clk 1:07:42]}
21. R1e2 {[%clk 1:17:31]} Re6 {[%clk 1:05:25]} 22. Qc1 {[%clk 1:16:35]} f6
{[%clk 1:04:40]} 23. exf6 {[%clk 1:16:14]} Rxe3 {[%clk 1:04:39]} 24. Rxe3
{[%clk 1:16:35]} Rxe3 {[%clk 1:03:56]} 25. Qxe3 {[%clk 1:17:04]} Nxf6
{[%clk 1:03:41]} 26. h3 {[%clk 1:16:44]} Qa5 {[%clk 1:00:59]} 27. Qe7
{[%clk 1:16:26]} Qb6 {[%clk 1:00:13]} 28. Nh4 {[%clk 1:15:31]} Qxd4
{[%clk 0:59:17]} 29. Qxb7 {[%clk 1:15:51]} Qxh4 {[%clk 0:59:27]} 30. Qxc6
{[%clk 1:16:00]} d4 {[%clk 0:58:25]} 31. Qxa6 {[%clk 1:16:20]} Qe4
{[%clk 0:56:42]} 32. Qc4+ {[%clk 1:15:58]} Qd5 {[%clk 0:55:55]} 33. Qxd5+
{[%clk 1:15:55]} Nxd5 {[%clk 0:56:13]} 34. Kf1 {[%clk 1:16:21]} Kf7
{[%clk 0:55:18]} 35. g3 {[%clk 1:16:36]} Ke6 {[%clk 0:55:40]} 36. Ke2
{[%clk 1:17:00]} Nc3+ {[%clk 0:55:34]} 37. Kd3 {[%clk 1:17:15]} Nxa2
{[%clk 0:55:35]} 38. Kxd4 {[%clk 1:17:38]} Nb4 {[%clk 0:55:13]} 39. Kc4
{[%clk 1:17:32]} Nc6 {[%clk 0:55:29]} 40. f4 {[%clk 1:17:38]} Na5+
{[%clk 0:55:15]} 41. Kd3 {[%clk 1:16:16]} Nxb3 {[%clk 0:55:29]} 42. g4
{[%clk 1:16:03]} Nc5+ {[%clk 0:55:39]} 43. Ke3 {[%clk 1:16:25]} Nd7
{[%clk 0:55:52]} 44. f5+ {[%clk 1:16:41]} Kf6 {[%clk 0:56:07]} 45. Kf4
{[%clk 1:16:58]} Ne5 {[%clk 0:55:33]} 46. h4 {[%clk 1:17:07]} Nd3+
{[%clk 0:55:48]} 47. Kg3 {[%clk 1:17:23]} Ke5 {[%clk 0:55:48]} 48. h5
{[%clk 1:17:12]} Kf6 {[%clk 0:55:51]} 49. Kh4 {[%clk 1:17:21]} Ne5
{[%clk 0:54:55]} 50. Kg3 {[%clk 1:15:54]} Kg5 {[%clk 0:55:13]} 51. Kh3
{[%clk 1:11:13]} Nxg4 {[%clk 0:55:29]} 52. f6 {[%clk 1:11:32]} Nxf6
{[%clk 0:55:20]} 53. Kg3 {[%clk 1:11:43]} Nxh5+ {[%clk 0:55:43]} 54. Kh3
{[%clk 1:11:13]} Nf6 {[%clk 0:55:49]} 55. Kg3 {[%clk 1:11:18]} h5
{[%clk 0:55:58]} 56. Kh3 {[%clk 1:11:36]} Kf4 {[%clk 0:56:16]} 57. Kh4
{[%clk 1:11:44]} g5+ {[%clk 0:56:35]} 58. Kh3 {[%clk 1:12:04]} g4+
{[%clk 0:56:54]} 59. Kh2 {[%clk 1:12:05]} h4 {[%clk 0:57:16]} 60. Kg2
{[%clk 1:12:17]} h3+ {[%clk 0:57:31]} 61. Kh2 {[%clk 1:10:56]} Kf3
{[%clk 0:57:48]} 62. Kg1 {[%clk 1:10:56]} g3 {[%clk 0:58:11]} 63. Kf1
{[%clk 1:10:46]} g2+ {[%clk 0:58:18]} 64. Ke1 {[%clk 1:11:02]} g1=Q+
{[%clk 0:58:24]} 65. Kd2 {[%clk 1:11:20]} Qe3+ {[%clk 0:58:46]} 66. Kd1
{[%clk 1:10:55]} Qf2 {[%clk 0:58:56]} 67. Kc1 {[%clk 1:11:00]} h2
{[%clk 0:59:16]} 68. Kd1 {[%clk 1:11:25]} h1=R# {[%clk 0:59:29]} 0-1

[Event "MSR2018s4"]
[Site "?"]
[Date "2018.04.25"]
[Round "7.23"]
[White "Orgon, Jakub"]
[Black "Icsek, Michael"]
[Result "1-0"]
[BlackElo "1111"]
[WhiteElo "1218"]
[LiveChessVersion "1.4.8"]

1. e4 {[%clk 1:30:38]} c5 {[%clk 1:30:38]} 2. c3 {[%clk 1:30:59]} Nc6
{[%clk 1:29:59]} 3. d4 {[%clk 1:31:02]} d5 {[%clk 1:27:31]} 4. dxc5
{[%clk 1:27:23]} Nf6 {[%clk 1:26:24]} 5. exd5 {[%clk 1:26:40]} Nxd5
{[%clk 1:26:36]} 6. Bc4 {[%clk 1:27:00]} e6 {[%clk 1:25:52]} 7. Bxd5
{[%clk 1:16:37]} Qxd5 {[%clk 1:25:48]} 8. Qxd5 {[%clk 1:16:56]} exd5
{[%clk 1:26:13]} 9. Be3 {[%clk 1:17:15]} Be7 {[%clk 1:26:20]} 10. Nf3
{[%clk 1:17:35]} Bg4 {[%clk 1:24:14]} 11. Nbd2 {[%clk 1:17:20]} O-O
{[%clk 1:24:23]} 12. O-O {[%clk 1:17:31]} h6 {[%clk 1:23:10]} 13. h3
{[%clk 1:12:00]} Bh5 {[%clk 1:22:41]} 14. Rfe1 {[%clk 1:11:25]} Rae8
{[%clk 1:22:13]} 15. Bd4 {[%clk 1:09:12]} Nxd4 {[%clk 1:15:24]} 16. cxd4
{[%clk 1:09:33]} Bd8 {[%clk 1:15:28]} 17. Ne5 {[%clk 1:08:47]} f6
{[%clk 1:13:42]} 18. Nd3 {[%clk 0:58:36]} Ba5 {[%clk 1:07:23]} 19. Rxe8
{[%clk 0:58:00]} Rxe8 {[%clk 1:07:21]} 20. Nb3 {[%clk 0:58:09]} Bc7
{[%clk 1:04:27]} 21. Re1 {[%clk 0:57:06]} b6 {[%clk 1:01:16]} 22. Rxe8+
{[%clk 0:56:56]} Bxe8 {[%clk 1:01:38]} 23. Nb4 {[%clk 0:56:04]} Bf7
{[%clk 0:57:05]} 24. c6 {[%clk 0:54:33]} Bd6 {[%clk 0:54:21]} 25. Na6
{[%clk 0:54:30]} Be6 {[%clk 0:54:36]} 26. a3 {[%clk 0:53:29]} Bc8
{[%clk 0:54:46]} 27. Nb4 {[%clk 0:53:36]} a5 {[%clk 0:55:10]} 28. Nxd5
{[%clk 0:47:19]} Kf8 {[%clk 0:55:11]} 29. Nxb6 {[%clk 0:46:18]} Be6
{[%clk 0:53:53]} 30. Nd7+ {[%clk 0:40:57]} Ke7 {[%clk 0:52:08]} 31. Nxa5
{[%clk 0:40:00]} Bc7 {[%clk 0:51:14]} 32. Nb7 {[%clk 0:38:47]} Bxd7
{[%clk 0:51:12]} 33. cxd7 {[%clk 0:39:06]} Kxd7 {[%clk 0:51:31]} 34. Nc5+
{[%clk 0:39:30]} Kd6 {[%clk 0:51:25]} 35. Kf1 {[%clk 0:39:16]} Kd5
{[%clk 0:51:52]} 36. Ke2 {[%clk 0:39:20]} Kxd4 {[%clk 0:51:44]} 37. Ne6+
{[%clk 0:39:45]} 1-0

[Event "MSR2018s4"]
[Site "?"]
[Date "2018.04.25"]
[Round "7.24"]
[White "Dujava, Adam"]
[Black "Oruzinsky, Juraj"]
[Result "0-1"]
[BlackElo "1000"]
[WhiteElo "1251"]
[LiveChessVersion "1.4.8"]

1. f4 {[%clk 1:30:26]} e6 {[%clk 1:30:00]} 2. Nf3 {[%clk 1:30:44]} Nc6
{[%clk 1:30:22]} 3. e3 {[%clk 1:31:08]} Nf6 {[%clk 1:30:32]} 4. b3
{[%clk 1:30:33]} d5 {[%clk 1:30:29]} 5. Bb2 {[%clk 1:30:39]} Bd6 {[%clk 1:30:23]}
6. Be2 {[%clk 1:31:02]} O-O {[%clk 1:30:25]} 7. O-O {[%clk 1:31:26]} Re8
{[%clk 1:30:38]} 8. Qe1 {[%clk 1:29:01]} a6 {[%clk 1:30:39]} 9. d3
{[%clk 1:29:11]} Bc5 {[%clk 1:30:23]} 10. d4 {[%clk 1:29:07]} Bb4
{[%clk 1:30:50]} 11. c3 {[%clk 1:29:24]} Ba5 {[%clk 1:30:50]} 12. Nbd2
{[%clk 1:29:42]} Ng4 {[%clk 1:30:13]} 13. Bd3 {[%clk 1:29:49]} f6
{[%clk 1:28:47]} 14. h3 {[%clk 1:29:59]} Nh6 {[%clk 1:28:55]} 15. e4
{[%clk 1:29:22]} Nf7 {[%clk 1:28:47]} 16. Qh4 {[%clk 1:29:05]} h6
{[%clk 1:28:32]} 17. Qg3 {[%clk 1:28:23]} f5 {[%clk 1:28:05]} 18. exf5
{[%clk 1:25:33]} exf5 {[%clk 1:28:01]} 19. Qg6 {[%clk 1:25:31]} Nd6
{[%clk 1:26:49]} 20. Ba3 {[%clk 1:25:11]} Re6 {[%clk 1:26:29]} 21. Qh5
{[%clk 1:24:51]} Bxc3 {[%clk 1:26:02]} 22. Bxd6 {[%clk 1:24:39]} Rxd6
{[%clk 1:25:35]} 23. Rfe1 {[%clk 1:24:32]} Bd7 {[%clk 1:25:00]} 24. Rac1
{[%clk 1:24:17]} Bxd2 {[%clk 1:23:25]} 25. Nxd2 {[%clk 1:23:39]} Nxd4
{[%clk 1:23:44]} 26. Re3 {[%clk 1:23:35]} Be8 {[%clk 1:21:57]} 27. Qd1
{[%clk 1:22:44]} c6 {[%clk 1:21:06]} 28. Nf3 {[%clk 1:22:43]} Qf6
{[%clk 1:20:25]} 29. Nxd4 {[%clk 1:22:27]} Qxd4 {[%clk 1:20:17]} 30. Qe2
{[%clk 1:22:50]} Bh5 {[%clk 1:19:00]} 31. Qd2 {[%clk 1:22:49]} Re8
{[%clk 1:17:57]} 32. Rce1 {[%clk 1:22:58]} Rde6 {[%clk 1:17:44]} 33. Kf2
{[%clk 1:22:41]} Qxf4+ {[%clk 1:17:28]} 34. Kg1 {[%clk 1:20:59]} Rxe3
{[%clk 1:17:23]} 35. Rxe3 {[%clk 1:21:05]} Qxe3+ {[%clk 1:17:40]} 36. Qxe3
{[%clk 1:21:34]} Rxe3 {[%clk 1:18:05]} 37. Bxf5 {[%clk 1:21:58]} d4
{[%clk 1:17:14]} 38. Kf2 {[%clk 1:22:16]} Re2+ {[%clk 1:17:24]} 39. Kf1
{[%clk 1:22:31]} Rxa2 {[%clk 1:17:40]} 40. g4 {[%clk 1:22:41]} Bf7
{[%clk 1:17:21]} 41. Ke1 {[%clk 1:22:33]} Bxb3 {[%clk 1:17:30]} 42. h4
{[%clk 1:22:35]} a5 {[%clk 1:17:30]} 43. g5 {[%clk 1:22:35]} h5 {[%clk 1:17:30]}
44. Bg6 {[%clk 1:22:35]} Bf7 {[%clk 1:15:39]} 45. Bd3 {[%clk 1:22:28]} 0-1